Discografia: The Beatles - Statistics

Estatísticas Gerais
  • Esse quiz foi jogado 42 vezes
  • A pontuação média é 11 de 13
Estatísticas das Respostas
Ano Álbum % Correto
1969 Abbey Road
97%
1966 Revolver
92%
1965 Help!
89%
1968 The Beatles
89%
1967 Sgt. Pepper's Lonely Hearts Club Band
86%
1964 A Hard Day's Night
81%
1970 Let It Be
81%
1965 Rubber Soul
81%
1969 Yellow Submarine
81%
1967 Magical Mystery Tour
73%
1963 Please Please Me
73%
1964 Beatles for Sale
65%
1963 With The Beatles
62%
Nenhum quiz correspondente encontrado
Distribuição das Pontuações
Porcentagem de Pessoas com Cada Pontuação
Percentil de Números Respondidos
Sua Pontuação Histórica
Você não jogou esse quiz